书目信息 |
| 题名: |
会计基础
|
|
| 作者: | ;全国会计从业资格考试辅导教材编写组 编 | |
| 分册: | ||
| 出版信息: | 北京 经济科学出版社 2014.05 |
|
| 页数: | 289页 | |
| 开本: | 20cm | |
| 丛书名: | ||
| 单 册: | ||
| 中图分类: | F230 | |
| 科图分类: | ||
| 主题词: | 会计 | |
| 电子资源: | ||
| ISBN: | 7-5141-4603-2 | |
| 000 | 00708nam0 2200193 450 | |
| 001 | 1658122568 | |
| 005 | 20160914160959.41 | |
| 010 | @a7-5141-4603-2@dCNY30.00 | |
| 100 | @a20160914d2014 km y0chiy0120 ea | |
| 101 | 0 | @achi |
| 102 | @aCN@b110000 | |
| 200 | 1 | @a会计基础@Akuai ji ji chu@f全国会计从业资格考试辅导教材编写组编@Fquan guo kuai ji cong ye zi ge kao shi fu dao jiao cai bian xie zu bian |
| 210 | @a北京@c经济科学出版社@d2014.05 | |
| 215 | @a289页@d20cm | |
| 606 | 0 | @a会计 |
| 690 | @aF230@v4 | |
| 711 | 02 | @a全国会计从业资格考试辅导教材编写组@Aquan guo kuai ji cong ye zi ge kao shi fu dao jiao cai bian xie zu@4编 |
| 801 | 0 | @aCN@b大连网信软件有限公司图书馆·11@c20160914 |
| 905 | @aZUCC@dF230@eQ8821 | |
| 会计基础/全国会计从业资格考试辅导教材编写组编.-北京:经济科学出版社,2014.05 |
| 289页;20cm |
| ISBN 7-5141-4603-2:CNY30.00 |
| ● |
| 相关链接 |
|
|
|
正题名:会计基础
索取号:F230/Q8821
 
预约/预借
| 序号 | 登录号 | 条形码 | 馆藏地/架位号 | 状态 | 备注 |
| 1 | 1238426 | 212384267 | 社科库409/409社科库 75排2列2层/ [索取号:F230/Q8821] | 在馆 |